000 00502nmm a2200169Ia 4500
008 251105s9999||||xx |||||||||||||||||und||
020 _a9788427725829
041 _aspa
100 _aSerrano, Paula
245 0 _aLa integración sensorial: En el desarrollo y aprendizaje infantil
264 _a[Madrid, España] :
_bNarcea Ediciones,
_c2019
300 _a166 páginas
490 _aPrimeros años
650 _aEducation
856 _uhttps://public.digitaliapublishing.com/a/62415
942 _cCF
999 _c80869
_d80869